|
|
|
|
| LEADER |
00998nam a2200301 i 4500 |
| 001 |
001800908 |
| 003 |
CZ BrMZK |
| 005 |
20220303084707.0 |
| 007 |
ta |
| 008 |
210920s2017 xxk g 000 f eng |
| 020 |
|
|
|a 978-1-4472-0822-8
|q (brožováno)
|
| 040 |
|
|
|a BOA001
|b cze
|e rda
|
| 072 |
|
7 |
|a 821.111-3
|x Anglická próza, anglicky psaná
|2 Konspekt
|9 25
|
| 080 |
|
|
|a 821.111-31
|2 MRF
|
| 080 |
|
|
|a (0:82-31)
|2 MRF
|
| 100 |
1 |
|
|a Hollinghurst, Alan,
|d 1954-
|7 jn19990003611
|4 aut
|
| 245 |
1 |
4 |
|a The sparsholt affair /
|c Alan Hollinghurst
|
| 250 |
|
|
|a First published
|
| 264 |
|
1 |
|a London :
|b Picador,
|c 2017
|
| 300 |
|
|
|a 453 stran ;
|c 20 cm
|
| 336 |
|
|
|a text
|b txt
|2 rdacontent
|
| 337 |
|
|
|a bez média
|b n
|2 rdamedia
|
| 338 |
|
|
|a svazek
|b nc
|2 rdacarrier
|
| 655 |
|
7 |
|a anglické romány
|7 fd131814
|2 czenas
|
| 910 |
|
|
|a BOA001
|b 1-1474.165
|
| 990 |
|
|
|a BK
|
| 991 |
|
|
|b 202202
|x 99
|c NOV
|
| 996 |
7 |
|
|b 2610879588
|c 1-1474.165
|l Anglická knihovna/2.patro
|r ZHR
|n 1
|p kupz
|h F-hol
|w 001864409
|u 000010
|a 0
|e BOA001
|j MZK50
|s A
|